Návrh udržateľných opatrení na zlepšenie využitia personálneho marketingu v ŽSR
Gespeichert in:
| 1. Verfasser: | |
|---|---|
| Weitere Verfasser: | |
| Format: | Manuskript Buch |
| Sprache: | Slowakisch |
| Veröffentlicht: |
2019
|
| Schlagworte: | |
| Online-Zugang: | http://is.stuba.sk/zp/portal_zp.pl?podrobnosti=134568 |
| Tags: |
Keine Tags, Fügen Sie das erste Tag hinzu!
|
MARC
| LEADER | 00000ntm a22000003a 4500 | ||
|---|---|---|---|
| 001 | stuzp72514 | ||
| 003 | SK-STU | ||
| 005 | 20190622211008.5 | ||
| 007 | ta | ||
| 008 | 150427s2015----xo-----f-mn---000-0-slo-d | ||
| 040 | |a STU |b slo | ||
| 041 | 0 | |a slo | |
| 100 | 1 | |a Javorová, Petra |u 064000 |4 aut |U MTF Materiálovotechnologická fakulta |T MTF Ústav priemyselného inžinierstva a manažmentu |X 51927 |U M4000 |Y 84 |7 51927 | |
| 242 | 0 | 1 | |a Proposal for maintainable measures to improve the way that personal marketing is used in ŽSR |y eng |
| 245 | 1 | 0 | |a Návrh udržateľných opatrení na zlepšenie využitia personálneho marketingu v ŽSR |
| 260 | |c 2019 | ||
| 650 | 4 | |a ľudské zdroje |2 slo | |
| 650 | 4 | |a získavanie zamestnancov |2 slo | |
| 650 | 4 | |a personálny marketing |2 slo | |
| 650 | 4 | |a personal marketing |2 eng | |
| 650 | 4 | |a human resources |2 eng | |
| 650 | 4 | |a recruitment |2 eng | |
| 700 | 1 | |a Vaňová, Jaromíra |u 064000 |k Z1 |4 ths |U MTF Materiálovotechnologická fakulta |T MTF Ústav priemyselného inžinierstva a manažmentu |X 2877 |U M4000 |Y 84 |7 A000002877 | |
| 856 | 4 | |u http://is.stuba.sk/zp/portal_zp.pl?podrobnosti=134568 | |
| 996 | |c M* BP-8585 |l MMSKP |s P |a 0 |w stuzp72514_0001 | ||